| 000 | 01956nam0a2200373 4500 | ||
|---|---|---|---|
| 001 | RU\NLR\BIBL_A\022632441 | ||
| 005 | 20251218154724.0 | ||
| 010 |
_a978-5-4469-2278-9 _918 |
||
| 021 |
_aRU _bКН-П-25-046432 _9КН-П-25-4504 |
||
| 035 | _a(NLR Aleph) 022632441 | ||
| 090 |
_a13506572 _c13506572 |
||
| 100 | _a20250929d2025 k y0rusy50 ca | ||
| 101 | 0 | _arus | |
| 102 | _aRU | ||
| 105 | _aс z 001yy | ||
| 181 | 0 |
_ai _baxxe |
|
| 182 | 0 | _an | |
| 200 | 1 |
_aО покровителях раскола в уезде Мышкинском, 1852 г. _e[дневник и отчет чиновника Министерства внутренних дел по Статистической экспедиции в Ярославскую губернию летом 1852 г.] _fА. И. Артемьев _gсоставитель А. Г. Гуменюк |
|
| 203 |
_aТекст _bвизуальный _cнепосредственный |
||
| 210 |
_aСанкт-Петербург _cНестор-История _d2025 |
||
| 215 |
_a305 с. _cпортр. _d22 |
||
| 300 | _aНа 5-й с. авт.: Артемьев А. И., археолог, этнограф и географ | ||
| 320 | _aБиблиогр. в подстроч. примеч. | ||
| 320 | _aУказ. имен: с. 285–293 | ||
| 320 | _aУказ. географ. названий: с. 294–304 | ||
| 606 | 1 |
_aСтарообрядчество _xИстория _yЯрославская губерния _jДокументы и материалы _2nlr_sh2 _3RU\NLR\AUTH\6601736955 |
|
| 686 | 2 | _aЭ372.242-39(2Р-8Яр),11 | |
| 700 | 1 |
_aАртемьев _bА. И. _f1820-1874 _gАлександр Иванович _3RU\NLR\AUTH\7772659 |
|
| 702 | 1 |
_aГуменюк _bА. Г. _gАлексей Геннадьевич _4220 |
|
| 942 | _cBOOK | ||
| 980 | _aNB | ||